000 00764nam a2200217 a 4500
001 000024330
005 20200930022921.0
008 110126s1984 sp r 000 0 spa d
020 _a8430697691
040 _aDO-SdBNP
_bspa
_cBNPHU
041 1 7 _aspa
_heng
_2Código de idiomas MARC
082 _ann*
_bnn*
100 1 _aPeccei, Aurelio.
_949906
240 1 0 _aBefore is too late.
_lEspañol
245 1 0 _aAntes de que sea demasiado tarde :
_bun diálogo entre Aurelio Peccei y Daisaku Ikeda /
_cAurelio Peccei y Daisaku Ikeda ; traducción Bernardo Moreno Carrillo.
260 _aMadrid :
_bTaurus,
_c1984.
300 _a195 p. ;
_c21 cm.
534 _aTítulo original :
_tBefore is too late
700 1 _aMoreno Carrillo, Bernardo,
_etr.
_949907
049 _aBNGR
999 _c23823
_d23823